000 00826nam a22002412 4500
001 0000012010
005 20151217154414.0
008 090125s xx 000 0 eng d
020 _a0860124061 :
040 _aKABU
_cKABU
100 1 _aRatzinger, Joseph, Cardinal.
_@0000168169
245 1 0 _aIn the beginning ... :
_ba Catholic understanding of creation and the fall /
_cCardinal Joseph Ratzinger; translated by Boniface Ramsey.
250 _a1st ed.
260 _aLondon :
_bContinuum,
_c1995.
300 _axii, 100 p.
610 2 0 _aCatholic Church
_xSermons.
_@0000168170
650 0 _aCreation
_xSermons.
_@0000168171
650 0 _aFall of man
_xSermons.
_@0000168172
700 1 _aBenedict XVI.
_@0000168173
852 1 _9p1499 KES
908 _a090125
950 _@1
999 _c11065
_d11065